Proyecto de ley de minería, redactado de orden del Supremo Gobierno

Đã lưu trong:
Chi tiết về thư mục
Tác giả chính: Quesada, Vicente (Tác giả)
Định dạng: Sách
Ngôn ngữ:Tiếng Tây Ban Nha
Được phát hành: Santiago Imprenta Nacional 1864
Những chủ đề:
Các nhãn: Thêm thẻ
Không có thẻ, Là người đầu tiên thẻ bản ghi này!

MARC

LEADER 00000cam a2200000 a 4500
001 UCF8840
003 CL-VaPUC
008 131011e18640000cl |||||||||||||||||spa|d
082 0 4 |a 343.077  |b QUE  |2 21 
100 0 |a Quesada, Vicente  |e author  |9 570960 
245 1 0 |a Proyecto de ley de minería, redactado de orden del Supremo Gobierno 
300 |a 158 p 
942 |c BK 
945 |d 20131011 10:45:00  |a cmena 
260 |a Santiago  |b Imprenta Nacional  |c 1864 
650 0 |a Derecho minero  |9 257109 
650 0 |a Código de minería   |9 256729 
650 0 |a Ordenamiento jurídico   |9 355371 
650 0 |a Fuentes del derecho   |9 255162 
583 |a last modification  |c 20131011 10:45:00  |k Rodrigo Vera 
999 |c 353371  |d 353369 
952 |0 0  |1 0  |2 ddc  |3 erd  |4 0  |5 1  |6 343_077000000000000_QUE_1864  |7 1  |8 C_LRYV  |9 458524  |a FDOBRV  |b BIBDER  |d 2019-11-23  |i 5020085  |o 343.077 QUE 1864  |p 5020085  |r 2023-01-25  |w 2019-11-23  |y BK_X  |z Catalogado en:20131011  |k BRV